000 00693nam a22002534a 4500
001 UByD003775
003 AR-LpoUNG
005 20260113113317.0
008 250305s2009 ag 000 p spa d
020 _a9789871518616
040 _aAR-LpoUNG
_bspa
_cAR-LpoUNG
_eaacr
041 0 _aspa
082 0 _aA861 679pal
100 1 _aSodero, Evangelina
245 1 0 _aPalabras que caminan la cornisa
250 _a1ra. ed.
260 _aVilla María (Córdoba. Argentina) :
_bEduvim,
_c2009.
300 _a60 p.
650 4 _aLiteratura
650 4 _aPoesía
650 4 _aLiteratura argentina
942 _2ddc
_cLIB
999 _c66467
_d66467